000
00330nam a2200145Ia 4500
008
230711s9999||||xx |||||||||||||| ||und||
041
_a
ENG
082
_a
621
_b
SH-I
100
_a
Narayan,Shanti
245
0
_a
Integral calculas
250
_a
2nd
260
_c
1991
_a
New Delhi
_b
S.K Kataria & Sons
650
_a
Mathematics
942
_c
BK
999
_c
3
_d
3